The girl from the other side (Запис номер 511945)
[ съкратено ]
| 000 -Лидер | |
|---|---|
| Лидер | 01023aam a2200289 ac4500 |
| 001 - Контролен номер на записа | |
| Контролен № | 511941 |
| 003 - Код на организацията, давaща контролен номер | |
| Код на организацията, даваща контролен номер | BLK |
| 005 - Дата и час на последна редакция | |
| Дата и час на последна редакция | 20250710143902.0 |
| 007 - Фиксирано поле за физическо описани | |
| Физическо описание | ta |
| 008 - Елементи от данни с фиксирана дължина | |
| Елементи с фиксирана дължина | 221104b bu |||||r|||| 00| | bu d |
| 020 ## - Международен стандартен номер на книга ISBN | |
| ISBN | 9781626924673 |
| 040 ## - Източник на каталожния запис | |
| Код на библиотеката | BLK |
| 041 ## - Код за език | |
| Език | Английски |
| Език за КДБФ | Английски |
| 080 ## - УДК | |
| 9 (RLIN) | 231478 |
| УДК текст | Издания за деца и юноши. Книжки-картинки. Читанки. Вж и 372.4 |
| УДК код | 087.5 |
| УДК – код + определител | 087.5 |
| 080 ## - УДК | |
| 9 (RLIN) | 233295 |
| УДК текст | Карикатура. Комикс |
| УДК код | 741.5 |
| УДК – код + определител | 741.5 |
| 084 ## - Класификационен индекс по друга класификация | |
| Авторски знак | Nag - N 16 |
| 245 ## - Сведения за заглавието | |
| Заглавие | The girl from the other side |
| Подзаглавни данни | Siúil, a Rún: comics : Vol. 1 |
| Авторска отговорност | Nagabe, Ysabet Reinhardt MacFarlane; transl. Adrienne Beck |
| 260 ## - Област на издателските данни | |
| 9 (RLIN) | 212965 |
| Място на издаване | Los Angeles |
| Име на издателя | Seven Seas Publ. |
| Година на издаване | 2017 |
| 300 ## - Физическа характеристика | |
| Брой страници | 120 p. |
| Илюстрации | ill. |
| Размер | 19 cm |
| 380 ## - Жанр | |
| Жанр | Детска отраслова лит. |
| 773 0# - Описание на основна библиографска единица при аналитични записи (многотомни) | |
| Международен стандартен номер на книгата ISBN | 9781626924673 |
| Контролен номер на записа | 511941 |
| Заглавие на основния документ | The girl from the other side |
| Информация за връзката | Част от: |
| 856 ## - Електронен адрес и достъп | |
| Инструкция (цена за достъп) | 0.00 |
| Права за достъп | disable |
| 942 ## - АРТИКУЛИ | |
| Източник на класификационната схема | Universal Decimal Classification |
| Вид на библиотечния документ | Многотомно издание |
| Скрит в OPAC | Не |
| Koha issues (borrowed), all copies | 5 |
| 944 ## - СЪЗДАВАНЕ И РЕДАКЦИЯ на ЗАПИСА | |
| Дата на регистрацията/редакция | Нора Радева |
| Служител, извършил регистрацията/редакцията | 30551 |
| Номер на служител | Бояна Костадинова |
| 999 ## - СИСТЕМНИ КОНТРОЛНИ НОМЕРА | |
| Koha biblionumber | 511945 |
| Koha biblioitemnumber | 511945 |
| 999 ## - СИСТЕМНИ КОНТРОЛНИ НОМЕРА | |
| Koha biblioitemnumber | 511945 |
| 999 ## - СИСТЕМНИ КОНТРОЛНИ НОМЕРА | |
| Koha biblioitemnumber | 511945 |
| Код за отписване | Код за изгубен артикул | Източник на класификационната схема | Код за повреда | Код за отдаване | Артикулен № | Име на библиотеката - собственик | Име на библиотеката, в която се намира в момента | Статус (Текущо местоположение) | Дата на вписване в системата | Местоположение - отдел | Цена в лева | Инвентарен номер | Систематично азбучна сигнатура | Баркод | Цена в евро | Служебен тип на артикула |
|---|---|---|---|---|---|---|---|---|---|---|---|---|---|---|---|---|
| Не е изгубен | Universal Decimal Classification | Не е повреден | заемане за дома | 944166 | Регионална библиотека "Любен Каравелов" Русе | Регионална библиотека "Любен Каравелов" Русе | Детски отдел | 2024-06-13 | Детски отдел | 6.00 | 120000909350 | ДН 087.5/N 16 | 120000909350 | 3.07 | Многотомно издание |